Sports Stars by Picture - Statistics

General Stats
  • This quiz has been taken 318 times
  • The average score is 11 of 20
Answer Stats
Picture Answer % Correct
Usain Bolt
94%
Muhammad Ali
91%
Tiger Woods
89%
Venus Williams
82%
Kobe Bryant
80%
Michael Phelps
79%
Roger Federer
77%
Lewis Hamilton
67%
Pelé
63%
Andy Murray
60%
Peyton Manning
47%
Lance Armstrong
46%
Gerard Piqué
45%
Maria Sharapova
45%
Floyd Mayweather Jr.
42%
Steffi Graf
42%
Billie Jean King
38%
Carl Lewis
32%
Nancy Kerrigan
16%
Cathy Freeman
14%
No matching quizzes found
Score Distribution
Percent of People with Each Score
Percentile by Number Answered
Your Score History
You have not taken this quiz